MARC

LEADER 00000nab a2200000 a 4500
001 vtls010656290
003 SK-MaSNL
005 20260318124358.0
008 150223c2015 xo wr p 000 c0ukr
015 |a SNBRB2015/02 
038 |a SVKPOCL 
040 |a SVKPOCL  |b slo  |c SVKPOCL  |e AACR2 
041 0 |a ukr 
044 |a xo  |c SK 
080 |a 80(=16)+908(4)  |2 2001 
080 |a 80(=161.2)+908(477)  |2 2001 
080 |a 327  |2 2001 
080 |a (437.6)  |2 2001 
080 |a (477)  |2 2001 
245 0 0 |a Robert Fico navštívil Ukrajinu 
500 |a V článku je nesprávne uvedený dátum návštevy premiéra SR R. Fica v Kyjeve - 6.2.2014, správne má byť 6.2.2015. Nesprávne je uvedené aj meno ministra Zahraničných vecí SR - Milan Lajčak, správne má byť Miroslav Lajčiak 
600 1 7 |a Fico, Robert,  |d 1964-  |2 svkpocl  |9 13683 
600 1 7 |a Lajčák, Miroslav,  |d 1963-  |2 svkpocl  |9 109641 
600 1 7 |a Pavlis, Pavol,  |d 1961-  |2 svkpocl  |9 1496437 
600 1 7 |a Porošenko, Petro Oleksijovyč,  |d 1965-  |2 svkpocl  |9 236786 
648 7 |a 6.2.2015  |2 svkpocl  |9 1096047 
650 0 7 |a medzinárodné vzťahy  |2 svkpocl  |9 3690 
650 0 7 |a pracovné návštevy  |2 svkpocl  |9 69996 
650 0 7 |a slavistika  |2 svkpocl  |9 4282 
650 0 7 |a ukrajinistika  |2 svkpocl  |9 51200 
651 7 |a Slovensko  |2 svkpocl  |9 14231 
651 7 |a Ukrajina  |2 svkpocl  |9 168045 
651 7 |a Kyjev (Ukrajina)  |2 svkpocl  |9 30606 
655 7 |a články z novín a časopisov  |2 svkpocl  |9 267496 
773 0 |t Nove žyttja  |g Roč. 65, č. 3 (2015), s. 1 
852 |a SVKPO  |b KIS3GCP 
958 |a UK 
958 |a SK 
958 |a SS 
958 |a UA 
999 |c 2985521  |d 2987451